000 00291nam a22001337a 4500
008 170407b xxu||||| |||| 00| 0 eng d
020 _ax0001uetn9
041 _aeng
080 _24TH
_a616
100 _a9
101 _aSHM
245 _aPATHOPHYSIOLOGY
_cCOPSTEAD, L.E.C
942 _2udc
_cBK
999 _c10152
_d10152